Antonio González (Record no. 2101)

MARC details
000 - LÍDER
campo de control de longitud fija 00950nam a2200217Ia 4500
008 - ELEMENTOS DE DATOS DE LONGITUD FIJA - INFORMACIÓN GENERAL
campo de control de longitud fija 0000002001 sp a 0000000000spa00
020 ## - INTERNATIONAL STANDARD BOOK NUMBER
International Standard Book Number 8495075695
090 ## - NÚMERO DE LLAMADA DE TIPO LC LOCALMENTE ASIGNADO (OCLC)
Número de clasificación (OCLC) (R) PSP00 G65a
100 1# - ENTRADA PRINCIPAL - NOMBRE PERSONAL
Nombre de la persona González, Catali
245 10 - TÍTULO DECLARACIÓN
Título Antonio González
Resto del título : Sílabas
Declaración de responsabilidad / textos Catali González, Isabel Tejada ; traducción Itziar Bilbao ; fotografías Juan González.
260 ## - PUBLICACIÓN, DISTRIBUCIÓN
Lugar de publicación Pamplona : Universidad Pública de Navarra
Fecha de publicación 2001
300 ## - DESCRIPCIÓN FÍSICA
Alcance 63 p.
Dimensiones / 23 cm.
500 ## - NOTA GENERAL
Nota general Exposición realizada en Sala de Cultura Carlos III, Pamplona, Noviembre 28, 2001 Enero 4, 2002 \ Con el patronazgo del maestro venezolano Jesús Rafael Soto (q.e.p.d.)
600 00 - ENTRADA DE SUJETO AÑADIDO - NOMBRE PERSONAL
Nombre de la persona GONZALEZ, ANTONIO, 1974/
Subdivisión general TRABAJOS PICTORICOS
650 14 - ENTRADA DE SUJETO AÑADIDO - TÉRMINO TÓPICO
Término tópico o elemento de entrada del nombre geográfico ARTE CONTEMPORANEO ESPAÑOL
650 14 - ENTRADA DE SUJETO AÑADIDO - TÉRMINO TÓPICO
Subdivisión general CATALOGOS
650 14 - ENTRADA DE SUJETO AÑADIDO - TÉRMINO TÓPICO
Subdivisión general EXPOSICIONES
650 14 - ENTRADA DE SUJETO AÑADIDO - TÉRMINO TÓPICO
Término tópico o elemento de entrada del nombre geográfico PINTORES ESPAÑOLES
650 14 - ENTRADA DE SUJETO AÑADIDO - TÉRMINO TÓPICO
Término tópico o elemento de entrada del nombre geográfico PINTURA ESPAÑOLA
700 1# - ENTRADA AGREGADA - NOMBRE PERSONAL
Nombre de la persona Tejada, Isabel \ Bilbao, Itziar, tr.\ González, Juan
Holdings
Estado de retirada Pérdida de estatus Estado dañado No para préstamo Código de recogida Ubicación permanente Ubicación actual Ubicación de las estanterías Fecha de adquisición Número de llamada completo Código de barras Fecha de la última vez que se vio Número de copia Precio efectivo desde Tipo de artículo Koha
        General ArtNexus ArtNexus General 06/09/2022 P-SP-00 G65A 2101 06/09/2022 Ej.1 06/09/2022 Libro

Powered by Koha